The University of disaster (Record no. 74467)

MARC details
000 -LEADER
fixed length control field 00837nam a2200253Ia 4500
008 - FIXED-LENGTH DATA ELEMENTS--GENERAL INFORMATION
fixed length control field 191130s2010##################000#0#eng##
020 ## - INTERNATIONAL STANDARD BOOK NUMBER
ISBN 9780745645056
082 ## - DEWEY DECIMAL CLASSIFICATION NUMBER
Classification number 306.42 VIR
100 ## - MAIN ENTRY--AUTHOR NAME
Personal name Virilio, Paul
245 ## - TITLE STATEMENT
Title The University of disaster
Statement of responsibility, etc Paul Virilio ; translated by Julie Rose
250 ## - EDITION STATEMENT
Edition statement English ed
260 ## - PUBLICATION, DISTRIBUTION, ETC. (IMPRINT)
Place of publication Cambridge
Name of publisher Polity
Year of publication c2010
300 ## - PHYSICAL DESCRIPTION
Number of Pages 166 p. ; 23 cm
500 ## - GENERAL NOTE
General note Translated from the French. Includes bibliographical references (p. [156]-160) and index. Translated from the French
650 ## - SUBJECT ADDED ENTRY--TOPICAL TERM
Topical Term Civilization, Modern - 21st century
Topical Term Knowledge, Sociology of
Topical Term Philosophy, Modern - 21st century
Topical Term Science - Philosophy
991 ## -
-- 217364
Holdings
Withdrawn status Lost status Damaged status Not for loan Home library Current library Shelving location Date acquired Full call number Accession Number Price effective from Koha item type
        Anna Centenary Library Anna Centenary Library 3RD FLOOR, B WING 09.10.2020 306.42 VIR 129502 09.10.2020 English Books

Find us on the map